header

Enhancing RTI (Record no. 183099)

MARC details
000 -LEADER
fixed length control field 01533nam a2200361Ia 4500
082 04 - DEWEY DECIMAL CLASSIFICATION NUMBER
Classification number 372.43
100 1# - MAIN ENTRY--AUTHOR NAME
Personal name Fisher, Douglas,
245 10 - TITLE STATEMENT
Title Enhancing RTI
260 ## - PUBLICATION, DISTRIBUTION, ETC. (IMPRINT)
Place of publication Alexandria, VA :
Name of publisher ASCD,
Year of publication c2010.
300 ## - PHYSICAL DESCRIPTION
Number of Pages viii, 158 p.
650 #0 - SUBJECT ADDED ENTRY--TOPICAL TERM
Topical Term Remedial teaching
Topical Term Slow learning children
Topical Term Learning disabled children
Topical Term Effective teaching
Topical Term Classroom management
Topical Term Response to intervention (Learning disabled children)
700 1# - ADDED ENTRY--PERSONAL NAME
Personal name Frey, Nancy,
856 40 - ELECTRONIC LOCATION AND ACCESS
Uniform Resource Identifier http://site.ebrary.com/lib/rucke/Doc?id=10408619

No items available.

© 2026 Rongo University
Contact us: librarian | system librarian | Rongo university